00766 2200301 4500001002100000005001700021008004100038020001800079035002400097082001000121090001700131100002200148245006900170250001000239260002400249300002200273500003100295500001100326650002100337650001600358700001600374850001300390980001300403985000600416986001200422999001500434999001500449YOGYA-0209000001973620090227023021.0 ind  a979-448-055-x 0010-020900000019736 a616.5 a616.5bAnd K aANDRIANTO, Petrus aKapita selekta dermato venerologicPetrus Andrianto, Tan Eng Tie aCet.2 aJakartabEG.Cc1989 ax, 166 hlmc24 cm aBibliografi : hlm. 157-158 aIndeks aKulit - Penyakit aDermatologi aTan Eng Tie aYOPDYOGB a19-04-06 a2 artrevtm a94P0053187 a94P0050425